| 000 | 01201cam a22003377a 4500 | ||
|---|---|---|---|
| 003 | CHAP | ||
| 005 | 20220329142051.0 | ||
| 008 | 990520d1997 mx a r 00110 spa d | ||
| 010 | _a77884 | ||
| 011 | _a78856 | ||
| 035 | _a88958 | ||
| 040 | _cCHAP | ||
| 090 | _aTesis | ||
| 100 | 0 | 0 |
_aOrihuela Martínez, Aurelio. _983578 |
| 245 | 1 | 0 |
_aEvaluación de 20 genotipos de sorgo para grano (Sorghum bicolor (L) Moench) en Huitzuco, Gro. _c/ por Aurelio Orihuela Martínez |
| 260 |
_aCocula, Gro. : _bEl autor, _c1997. |
||
| 300 |
_a43 h. : _bcuadros |
||
| 502 | _aTesis (Ing. Agr. Fitotecnista) -- Colegio Superior Agropecuario del Estado de Guerrero. Centro de Estudios Profesionales | ||
| 590 |
_aALEPH _b10 _c20130110 _lUCH01 _h1429 |
||
| 590 |
_aBATCH-UPD _b10 _c20130110 _lUCH01 _h0738 |
||
| 590 |
_aBATCH-UPD _b10 _c20130410 _lUCH01 _h0420 |
||
| 590 |
_aBATCH-UPD _b10 _c20130914 _lUCH01 _h1853 |
||
| 590 |
_aCONVERSION _b10 _c20130109 _lUCH01 _h1343 |
||
| 650 | 1 | 4 |
_aSorgo _xGuerrero. _9108679 |
| 650 | 1 | 4 |
_aSorgo _xRendimiento. _9108714 |
| 650 | 1 | 4 |
_aSorgo _xVariedades. _9108734 |
| 901 | _aBK | ||
| 905 | _aBlanca M. García O. | ||
| 942 | _cTESIS | ||
| 949 |
_bBC _cTES _d889581 _eTS1 _h34009 _i88958 _sb |
||
| 999 |
_c77884 _d77884 |
||